书目信息 |
| 题名: |
测量学
|
|
| 作者: | 合肥工业大学等和 编 | |
| 分册: | ||
| 出版信息: | 北京 中国建筑工业出版社 1995.06 |
|
| 页数: | 264页 | |
| 开本: | 16开 | |
| 丛书名: | ||
| 单 册: | ||
| 中图分类: | P20 | |
| 科图分类: | ||
| 主题词: | 测绘学 , 测量学 | |
| 电子资源: | ||
| ISBN: | 7-112-02435-8 | |
| 000 | 00573nam0 2200205 45 | |
| 001 | 1328773093 | |
| 005 | 20201030094841.31 | |
| 010 | @a7-112-02435-8@dCNY31.00 | |
| 100 | @a20001120d1995 km y0chiy0120 ea | |
| 101 | 0 | @achi |
| 200 | 1 | @a测量学@Ace liang xue@f合肥工业大学等和编@FHe Fei Gong Ye Da Xue Deng He Bian |
| 205 | @a第四版 | |
| 210 | @a北京@c中国建筑工业出版社@d1995.06 | |
| 215 | @a264页@d16开 | |
| 606 | 0 | @a测绘学 |
| 606 | 0 | @a测量学 |
| 690 | @aP20@v3 | |
| 701 | 0 | @a合肥工业大学等和@4编 |
| 801 | @aCN@bPftUser@c20080620 | |
| 905 | @b417093-097@dP20@eH266=4@f5 | |
| 测量学/合肥工业大学等和编.-第四版.-北京:中国建筑工业出版社,1995.06 |
| 264页;16开 |
| ISBN 7-112-02435-8:CNY31.00 |
| ● |
| 相关链接 |
|
|
|
正题名:测量学
索取号:P20/H266=4
 
预约/预借
| 序号 | 登录号 | 条形码 | 馆藏地/架位号 | 状态 | 备注 |
| 1 | 1303729 | 213037293 | 社科二线400B/400B社科库 7排3列4层/ [索取号:P20/H:266=4] | 在馆 | |
| 2 | 1348552 | 213485520 | 社科二线400B/400B社科库 7排3列4层/ [索取号:P20/H:266=4] | 在馆 | |
| 3 | 1349314 | 213493147 | 社科二线400B/400B社科库 9排4列2层/ [索取号:P20/H266=4] | 在馆 | |
| 4 | 1349540 | 213495403 | 社科二线400B/400B社科库 4排4列5层/ [索取号:P20/H266=4] | 在馆 | |
| 5 | 1349541 | 213495412 | 社科二线400B/400B社科库 4排4列5层/ [索取号:P20/H266=4] | 在馆 | |
| 6 | 1349542 | 213495421 | 社科二线400B/400B社科库 32排4列6层/ [索取号:P20/H266=4] | 在馆 | |
| 7 | 1349555 | 213495555 | 社科二线400B/ [索取号:P20/H266=4] | 在馆 | |
| 8 | 1349927 | 213499276 | 社科二线400B/400B社科库 4排4列3层/ [索取号:P20/H266=4] | 在馆 | |
| 9 | 1452925 | 214529250 | 社科二线400B/400B社科库 4排4列6层/ [索取号:P20/H266=4] | 在馆 | |
| 10 | 1453376 | 214533762 | 自科库401/401自科库 113排2列5层/ [索取号:P20/H266=4] | 在馆 | |
| 11 | 1453405 | 214534057 | 社科二线400B/400B社科库 4排4列3层/ [索取号:P20/H266=4] | 在馆 | |
| 12 | 1453436 | 214534360 | 社科二线400B/400B社科库 4排4列6层/ [索取号:P20/H266=4] | 在馆 | |
| 13 | 1453437 | 214534379 | 社科二线400B/400B社科库 32排3列5层/ [索取号:P20/H266=4] | 在馆 | |
| 14 | 1453453 | 214534538 | 社科二线400B/400B社科库 4排1列2层/ [索取号:P20/H266=4] | 在馆 | |
| 15 | 1453454 | 214534547 | 社科二线400B/400B社科库 4排1列2层/ [索取号:P20/H266=4] | 在馆 | |
| 16 | 1453455 | 214534556 | 社科二线400B/400B社科库 4排1列2层/ [索取号:P20/H266=4] | 在馆 | |
| 17 | 1453456 | 214534565 | 社科二线400B/400B社科库 9排4列2层/ [索取号:P20/H266=4] | 在馆 | |
| 18 | 1499081 | 214990811 | 社科二线400B/400B社科库 4排4列5层/ [索取号:P20/H266=4] | 在馆 | |
| 19 | 1499279 | 214992793 | 社科二线400B/400B社科库 4排4列6层/ [索取号:P20/H266=4] | 在馆 | |
| 20 | 1500542 | 215005429 | 社科二线400B/400B社科库 4排4列6层/ [索取号:P20/H266=4] | 在馆 | |
| 21 | 1500543 | 215005438 | 社科二线400B/400B社科库 4排4列6层/ [索取号:P20/H266=4] | 在馆 | |
| 22 | 1500544 | 215005447 | 社科二线400B/400B社科库 4排4列6层/ [索取号:P20/H266=4] | 在馆 | |
| 23 | 1500586 | 215005866 | 社科二线400B/400B社科库 1排1列5层/ [索取号:P20/H266=4] | 在馆 | |
| 24 | 1500587 | 215005875 | 社科二线400B/400B社科库 4排4列6层/ [索取号:P20/H266=4] | 在馆 | |
| 25 | 1500696 | 215006963 | 自科库401/401自科库 113排2列5层/ [索取号:P20/H266=4] | 在馆 | |
| 26 | 475986 | 204759868 | 自科二线504/504自科库 47排3列5层/ [索取号:P20/H:266=4] | 在馆 | |
| 27 | 475989 | 204759895 | 社科二线400B/400B社科库 7排3列4层/ [索取号:P20/H:266=4] | 在馆 | |
| 28 | 497221 | 204972217 | 社科二线400B/400B社科库 7排3列4层/ [索取号:P20/H266=4] | 在馆 | |
| 29 | 497296 | 204972967 | 社科二线400B/400B社科库 7排3列4层/ [索取号:P20/H:266=4] | 在馆 | |
| 30 | 497537 | 204975376 | 自科二线504/504自科库 47排4列1层/ [索取号:P20/H:266=4] | 在馆 |